| 000 | 00487nam a2200145Ia 4500 | ||
|---|---|---|---|
| 008 | 170224s9999 xx 000 0 und d | ||
| 100 | _aSubhash Abhayawansa | ||
| 245 | 4 | _aThe use of intellectual capital information by sell-side analysts in company valuation | |
| 245 | _cSubhash Abhayawansa, Mark Aleksanyan & John Bahtsevanoglou | ||
| 260 | _bAccounting and Business Research | ||
| 260 | _c2015 | ||
| 300 | _a45:3, pages 279-306 | ||
| 650 | _xAccountancy | ||
| 650 | _xAccounting | ||
| 999 |
_c316099 _d316099 |
||